Sports Quiz

Random Sports or NBA Quiz

NBA Legends by Action Figure Quiz Stats

Quiz not verified by Sporcle

Challenge
Share
Tweet
Score 0/6 Timer 00:30
0 Plays Today
Number Player % Correct
2Julius 'Dr. J' Erving
92.5%
1Bill Walton
81.8%
4Wilt Chamberlain
75.6%
6Larry Bird
72.6%
3Pete 'Pistol' Maravich
52.9%
5Willis Reed
50.6%

You're not logged in!

Compare scores with friends on all Sporcle quizzes.
Join for Free
OR
Log In

You Might Also Like...

Show Comments

Extras

Top Quizzes Today


Score Distribution

Your Account Isn't Verified!

In order to create a playlist on Sporcle, you need to verify the email address you used during registration. Go to your Sporcle Settings to finish the process.

Report this User

Report this user for behavior that violates our Community Guidelines.

Details: